Transnational management : (Record no. 3208)

MARC details
000 -LEADER
fixed length control field 01496nam a2200169 4500
020 ## - INTERNATIONAL STANDARD BOOK NUMBER
ISBN 9780256247811
050 ## - CALL NUMBER
Classification number HD62.4
Item number .B365
100 ## - AUTHOR
Personal name Christopher A Bartlett; Sumantra Ghoshal
245 ## - TITLE
Title Transnational management :
Remainder of title text, cases, and readings in cross-border management
Statement of responsibility, etc Christopher A Bartlett; Sumantra Ghoshal
250 ## - EDITION
Edition statement 3rd ed.
260 ## - PUBLICATION INFORMATION
Place of publication London :
Name of publisher McGraw-Hill,
Year of publication 1999.
300 ## - DESCRIPTION
Number of Pages 800 p:
Other physical details ill,
Dimensions 23 cm.
500 ## - NOTES
General note Previous edition: Chicago, Ill.; London: Irwin, 1995.
505 ## - FORMATTED CONTENTS NOTE
Table of Content Introduction --<br/>Acknowledgments --<br/>1. Basics of Electronics Workbench and Multisim --<br/>2. Virtual Workbench: The Multisim Interface --<br/>3. Drawing with Multisim: Schematic Capture --<br/>4. Multisim Building Blocks: Components --<br/>5. Multisim Instruments --<br/>6. Multisim: Simulation and Analysis --<br/>7. Twenty-five Sample Circuits in Multisim V6 --<br/>8. Virtual Workbench: The EWB Interface --<br/>9. Drawing with EWB: Schematic Capture --<br/>10. EWB Building Blocks: Components --<br/>11. EWB Instruments --<br/>12. EWB V5: Simulation and Analysis --<br/>13. Twenty-five Circuits in EWB V5 --<br/>14. Unleashing Multisim/EWB --<br/>Customization, Tricks, and Power Techniques --<br/>15. SPICE and Netlists --<br/>16. Layout and Other EWB(IIT) Software --<br/>A: Website Addresses --<br/>B. EWB5 and Multisim 6 Product Ordering/ Registering Information --<br/>C: Electronics Workbench Contact Information --<br/>D: About the CD --<br/>Index.
650 ## - SUBJECTS
Topical Term -- Management.
General subdivision International business enterprises
942 ## - ADDED ENTRY ELEMENTS (KOHA)
Koha item type Books
Holdings
Withdrawn status Lost status Home library Current library Shelving location Date acquired Full call number Accession Number Koha item type
    Methodist University Library Tema Methodist University Library Tema General Stacks 11/04/2018 HD62.4 .B365 22749 Books
    Methodist University Library Tema Methodist University Library Tema General Stacks 11/04/2018 HD62.4 .B365 22748 Books
Copyright © 2026  MUG Library